Fundamentals of microbiology : for students of the Faculty of Agrobiology, Food and Natural Resources, Czech University of Life Science Prague /

Hlavní autor: Neužil Bunešová, Věra
Korporativní autor: Česká zemědělská univerzita v Praze. Katedra mikrobiologie, výživy a dietetiky
Jazyk: Angličtina
Vydáno: Prague : Czech University of Life Science, 2017
Vydání: 1st edition
Témata:
Fyzický popis: 90 stran : ilustrace ; 30 cm
Knihy
Uloženo v:
LEADER 01832nam a2200445 i 4500
001 nkc20172892599
003 CZ PrNK
005 20170712104354.0
007 ta
008 170410s2017 xr a e p 000 0 eng
015 |a cnb002892599 
020 |a 978-80-213-2757-3  |q (brožováno) 
035 |a (OCoLC)1000512386 
040 |a BOA001  |b cze  |e rda 
072 7 |a 579  |x Mikrobiologie  |2 Konspekt  |9 2 
072 7 |a 37.016  |x Učební osnovy. Vyučovací předměty. Učebnice  |2 Konspekt  |9 22 
080 |a 579+578  |2 MRF 
080 |a (075.8)  |2 MRF 
100 1 |a Neužil Bunešová, Věra  |7 xx0197125  |4 aut 
245 1 0 |a Fundamentals of microbiology :  |b for students of the Faculty of Agrobiology, Food and Natural Resources, Czech University of Life Science Prague /  |c Věra Bunešová 
250 |a 1st edition 
264 1 |a Prague :  |b Czech University of Life Science,  |c 2017 
300 |a 90 stran :  |b ilustrace ;  |c 30 cm 
336 |a text  |b txt  |2 rdacontent 
337 |a bez média  |b n  |2 rdamedia 
338 |a svazek  |b nc  |2 rdacarrier 
500 |a Nad názvem: Czech University of Life Science Prague, Faculty of Agrobiology, Food and Natural Resources, Department of Microbiology, Nutrition and Dietetics 
500 |a 50 výtisků 
504 |a Obsahuje bibliografii 
650 0 7 |a mikrobiologie  |7 ph115303  |2 czenas 
650 0 9 |a microbiology  |2 eczenas 
655 7 |a učebnice vysokých škol  |7 fd133772  |2 czenas 
655 9 |a textbooks (higher)  |2 eczenas 
710 2 |a Česká zemědělská univerzita v Praze.  |b Katedra mikrobiologie, výživy a dietetiky  |7 mzk2005266585  |4 isb 
910 2 |a BOA001  |b 4-1390.456 
928 9 |a Česká zemědělská univerzita v Praze 
990 |a BK 
995 |a 01 
991 |b 201706  |c NOV 
996 6 |b 2610710337  |c 4-1390.456  |l MZK  |r Sklad / do 1 hodiny  |n 3  |p p.v.  |w 001615568  |u 000010  |a 1  |e BOA001  |j MZK50  |s P